Diccionario de la literatura latinoamericana : Chile

Gespeichert in:
Bibliographische Detailangaben
Format: Buch
Sprache:Undetermined
Veröffentlicht: Washington, Estados Unidos Unión Panamericana 1958
Schlagworte:
Tags: Tag hinzufügen
Keine Tags, Fügen Sie den ersten Tag hinzu!

MARC

LEADER 00000nam a2200000Ia 4500
008 170316s9999 xx 000 0 und d
040 |a cru BVZT 
090 |a REF 
245 |a Diccionario de la literatura latinoamericana : Chile 
260 |a Washington, Estados Unidos 
260 |b Unión Panamericana 
260 |c 1958 
300 |a 234 páginas 
650 |a REFERENCIA 
942 |c REF 
999 |c 14734  |d 14734